[Event "BCF-chT 2122 (4NCL)"]
[Site "England"]
[Date "2022.06.25"]
[Round "10.15"]
[White "Nataraj, Nakul"]
[Black "Cyborowski, Lukasz"]
[Result "0-1"]
[WhiteElo "1879"]
[BlackElo "2494"]
[PlyCount "124"]
[EventDate "2021.11.27"]
[EventType "team-swiss"]
[EventRounds "11"]
[EventCountry "ENG"]
[SourceTitle "EXT 2023"]
[Source "ChessBase"]
[SourceDate "2022.10.05"]
[SourceVersion "1"]
[SourceVersionDate "2022.10.05"]
[SourceQuality "1"]
[WhiteTeam "Oxford"]
[BlackTeam "Chess.com Manx Liberty"]
[WhiteTeamCountry "ENG"]
[BlackTeamCountry "ENG"]

1. e4 c5 2. Nf3 e6 3. d4 cxd4 4. Nxd4 Nc6 5. c3 d6 6. Bd3 Nf6 7. 0-0 Be7 8. Nd2 0-0 9. Qe2 e5 10. N4f3 Re8 11. Nc4 h6 12. Ne3 Be6 13. Rd1 Rc8 14. b3 Nb8 15. c4 Nbd7 16. Ba3 Nc5 17. Bxc5 Rxc5 18. b4 Rc8 19. c5 Qc7 20. cxd6 Bxd6 21. a3 Qe7 22. Nc4 Bc7 23. Rac1 Bd7 24. Ne3 Bb6 25. Nc4 Bc7 26. Ne3 Red8 27. Bc4 Bb6 28. Nd5 Nxd5 29. Bxd5 Rxc1 30. Rxc1 Be6 31. Rd1 Bxd5 32. Rxd5 Rxd5 33. exd5 e4 34. Ne1 Qe5 35. d6 Qd5 36. Kf1 g6 37. Nc2 Qxd6 38. Qxe4 Qxh2 39. Ne3 Qc7 40. Nc4 Qd7 41. Ke2 Bd8 42. Ne3 Bf6 43. g3 Kg7 44. Kf3 h5 45. Kg2 b5 46. Nd5 Bb2 47. Kg1 Qd6 48. Kg2 a6 49. Qd3 Qe5 50. Qf3 Bxa3 51. Qxa3 Qxd5+ 52. Kg1 Qd4 53. Kg2 h4 54. gxh4 Qg4+ 55. Kf1 Qxh4 56. Qc3+ Qf6 57. Qa3 Qd4 58. Kg2 g5 59. Kf1 f6 60. Kg2 Kg6 61. Kg1 g4 62. Qxa6 g3 0-1

[Event "BCF-chT 2122 (4NCL)"]
[Site "England"]
[Date "2021.11.28"]
[Round "2.75"]
[White "Shepley, Julien M"]
[Black "Nataraj, Nakul"]
[Result "1/2-1/2"]
[WhiteElo "1865"]
[BlackElo "1879"]
[PlyCount "50"]
[EventDate "2021.11.27"]
[EventType "team-swiss"]
[EventRounds "11"]
[EventCountry "ENG"]
[SourceTitle "EXT 2023"]
[Source "ChessBase"]
[SourceDate "2022.10.05"]
[SourceVersion "1"]
[SourceVersionDate "2022.10.05"]
[SourceQuality "1"]
[WhiteTeam "Guildford Castles"]
[BlackTeam "Oxford"]
[WhiteTeamCountry "ENG"]
[BlackTeamCountry "ENG"]

1. e4 e6 2. d4 d5 3. Nd2 Nf6 4. e5 Nfd7 5. Bd3 c5 6. c3 Nc6 7. Ne2 Qb6 8. Nf3 cxd4 9. cxd4 f6 10. exf6 Nxf6 11. 0-0 Bd6 12. Nc3 0-0 13. Re1 Bd7 14. Rb1 a6 15. Bg5 h6 16. Bh4 Qc7 17. Bg6 b5 18. Qd3 b4 19. Ne2 Ne7 20. Rbc1 Qb8 21. Bg3 Bxg3 22. Nxg3 Nxg6 23. Qxg6 Qb6 24. Nh5 Nxh5 25. Qxh5 Rf5 1/2-1/2

[Event "BCF-chT2b 1920 (4NCL)"]
[Site "Daventry"]
[Date "2020.02.08"]
[Round "5.56"]
[White "Nataraj, Nakul"]
[Black "Pollack, Oscar"]
[Result "1-0"]
[WhiteElo "1782"]
[BlackElo "2105"]
[PlyCount "61"]
[EventDate "2020.01.11"]
[EventType "team-tourn"]
[EventRounds "11"]
[EventCountry "ENG"]
[SourceTitle "CBM 194 Extra"]
[Source "ChessBase"]
[SourceDate "2020.03.31"]
[SourceVersion "1"]
[SourceVersionDate "2020.03.31"]
[SourceQuality "1"]
[WhiteTeam "Oxford"]
[BlackTeam "Barnet Knights"]
[WhiteTeamCountry "ENG"]
[BlackTeamCountry "ENG"]

1. e4 e6 2. d4 d5 3. e5 Bd7 4. Nf3 c5 5. c3 Qb6 6. a3 Bb5 7. Bxb5+ Qxb5 8. b4 cxd4 9. cxd4 Nc6 10. Bb2 Nge7 11. Nc3 Qb6 12. 0-0 Nf5 13. Na4 Qd8 14. Rc1 Be7 15. Nc5 Qb6 16. Qa4 0-0 17. Nd7 Qd8 18. Nxf8 Bxf8 19. Qb5 Qd7 20. Qd3 a6 21. Rc2 Bxb4 22. Rxc6 Qxc6 23. axb4 Rc8 24. g4 Ne7 25. Rc1 Qd7 26. Rxc8+ Nxc8 27. Ng5 g6 28. Qh3 h5 29. gxh5 Qe7 30. Bc1 Qxb4 31. hxg6 1-0

[Event "London Classic Weekend op 11th"]
[Site "London"]
[Date "2019.12.01"]
[Round "5"]
[White "Nataraj, Nakul"]
[Black "Martelli, Tommaso"]
[Result "1-0"]
[WhiteElo "1746"]
[BlackElo "1924"]
[PlyCount "43"]
[EventDate "2019.11.29"]
[EventType "swiss"]
[EventRounds "5"]
[EventCountry "ENG"]
[SourceTitle "CBM 193 Extra"]
[Source "ChessBase"]
[SourceDate "2020.01.31"]
[SourceVersion "1"]
[SourceVersionDate "2020.01.31"]
[SourceQuality "1"]

1. e4 e5 2. Nf3 Nc6 3. Bc4 Nf6 4. d3 Bc5 5. Bg5 d6 6. c3 Qe7 7. a4 a5 8. Nbd2 Be6 9. 0-0 Rd8 10. Bd5 h6 11. Bh4 g5 12. Bxc6+ bxc6 13. Bg3 g4 14. Nh4 Nh5 15. Nc4 Bxc4 16. dxc4 Qe6 17. Qe2 Rb8 18. Kh1 Rg8 19. f4 gxf3 20. Rxf3 Qg4 21. Qc2 Nxg3+ 22. Rxg3 1-0